000 00519nam a2200181 4500
001 VA2947
003 ES-SlBCS
005 20210601154812.0
008 140520s1884 xxu||||| |||| 00| 0 spa d
041 _aspa
100 1 _aValladares Núñez, Marcial
_9373898
245 1 0 _aDiccionario Gallego-Castellano
_cMarcial Valladares Núñez
260 _aSantiago :
_bPiogr. del Seminario Concialiar central
_c, 1884
300 _aXI,648 p.;
_c22 cm
500 _aDepósito 2
650 _aDiccionarios
_924130
942 _cBK
999 _c809754
_d809754